[Event "39th Greek Women's Championship"]
[Site "chess24.com"]
[Date "2017.03.15"]
[Round "5"]
[White "Makka, Ioulia"]
[Black "Lemoni, Maria - Ioanna"]
[Result "1-0"]
[Board "5"]
[WhiteElo "2116"]
[WhiteTitle "WIM"]
[WhiteCountry "GRE"]
[WhiteFideId "4205316"]
[WhiteEloChange "2"]
[BlackElo "1633"]
[BlackCountry "GRE"]
[BlackFideId "4236424"]
[BlackEloChange "-2"]

1. e4 {[%clk 1:30:54]} c5 {[%clk 1:30:56]} 2. Nf3 {[%clk 1:31:17]} g6 {[%clk
1:31:23]} 3. c4 {[%clk 1:26:54]} Bg7 {[%clk 1:31:25]} 4. d4 {[%clk 1:24:10]} cxd4
{[%clk 1:31:47]} 5. Nxd4 {[%clk 1:24:33]} Nc6 {[%clk 1:32:14]} 6. Be3 {[%clk
1:23:34]} Nf6 {[%clk 1:30:37]} 7. Nc3 {[%clk 1:23:38]} d6 {[%clk 1:31:00]} 8. Be2
{[%clk 1:22:01]} O-O {[%clk 1:30:41]} 9. O-O {[%clk 1:13:15]} Bd7 {[%clk
1:29:08]} 10. Nc2 {[%clk 1:12:27]} a5 {[%clk 1:22:31]} 11. f3 {[%clk 1:09:42]} a4
{[%clk 1:22:30]} 12. Na3 {[%clk 1:06:16]} Qa5 {[%clk 1:16:07]} 13. Kh1 {[%clk
0:57:31]} Rfc8 {[%clk 1:10:46]} 14. Qd2 {[%clk 0:54:16]} Be6 {[%clk 1:00:54]} 15.
Rfd1 {[%clk 0:49:01]} Nd7 {[%clk 0:58:14]} 16. Nd5 {[%clk 0:36:15]} Qxd2 {[%clk
0:55:58]} 17. Rxd2 {[%clk 0:36:29]} Bxd5 {[%clk 0:44:47]} 18. exd5 {[%clk
0:31:30]} Na5 {[%clk 0:44:03]} 19. f4 {[%clk 0:31:00]} b6 {[%clk 0:43:16]} 20. g4
{[%clk 0:27:17]} Nc5 {[%clk 0:41:27]} 21. Re1 {[%clk 0:25:40]} Rab8 {[%clk
0:39:10]} 22. Bf1 {[%clk 0:22:43]} Na6 {[%clk 0:38:34]} 23. Rb1 {[%clk 0:20:42]}
Nb4 {[%clk 0:38:42]} 24. b3 {[%clk 0:20:22]} axb3 {[%clk 0:33:14]} 25. axb3
{[%clk 0:20:49]} Bc3 {[%clk 0:33:07]} 26. Rg2 {[%clk 0:20:41]} e6 {[%clk
0:29:39]} 27. dxe6 {[%clk 0:20:11]} fxe6 {[%clk 0:30:04]} 28. Nb5 {[%clk
0:19:59]} Bg7 {[%clk 0:29:36]} 29. Nxd6 {[%clk 0:18:59]} Rc6 {[%clk 0:29:27]} 30.
Nb5 {[%clk 0:18:52]} e5 {[%clk 0:28:37]} 31. Bd2 {[%clk 0:17:27]} Na6 {[%clk
0:28:23]} 32. fxe5 {[%clk 0:15:47]} Bxe5 {[%clk 0:28:48]} 33. Re2 {[%clk
0:15:28]} Bg7 {[%clk 0:28:22]} 34. Bg2 {[%clk 0:15:27]} Rf6 {[%clk 0:27:05]} 35.
Bd5+ {[%clk 0:15:46]} Kh8 {[%clk 0:27:07]} 36. b4 {[%clk 0:13:20]} Nb7 {[%clk
0:25:59]} 37. Bc3 {[%clk 0:09:36]} Rff8 {[%clk 0:26:12]} 38. Bxg7+ {[%clk
0:09:35]} Kxg7 {[%clk 0:25:49]} 39. Re7+ {[%clk 0:09:56]} 1-0

[Event "39th Greek Women's Championship"]
[Site "chess24.com"]
[Date "2017.03.16"]
[Round "6"]
[White "Grapsa, Georgia"]
[Black "Lemoni, Maria - Ioanna"]
[Result "1-0"]
[Board "1"]
[WhiteElo "2049"]
[WhiteTitle "WFM"]
[WhiteCountry "GRE"]
[WhiteFideId "4206436"]
[WhiteEloChange "2"]
[BlackElo "1633"]
[BlackCountry "GRE"]
[BlackFideId "4236424"]
[BlackEloChange "-2"]

1. d4 {[%clk 1:30:57]} Nf6 {[%clk 1:30:28]} 2. c4 {[%clk 1:31:17]} e6 {[%clk
1:30:35]} 3. g3 {[%clk 1:31:43]} c5 {[%clk 1:30:51]} 4. Nf3 {[%clk 1:31:43]} cxd4
{[%clk 1:31:15]} 5. Nxd4 {[%clk 1:32:05]} d5 {[%clk 1:31:41]} 6. Bg2 {[%clk
1:32:24]} e5 {[%clk 1:32:05]} 7. Nf3 {[%clk 1:32:48]} e4 {[%clk 1:32:01]} 8. Nd4
{[%clk 1:33:10]} dxc4 {[%clk 1:32:18]} 9. O-O {[%clk 1:33:14]} Bc5 {[%clk
1:31:38]} 10. Be3 {[%clk 1:27:12]} Qb6 {[%clk 1:19:38]} 11. Nc3 {[%clk 1:26:34]}
Bxd4 {[%clk 1:15:02]} 12. Bxd4 {[%clk 1:26:48]} Qc6 {[%clk 1:15:27]} 13. Bxf6
{[%clk 1:25:12]} Qxf6 {[%clk 1:15:35]} 14. Nxe4 {[%clk 1:25:37]} Qe6 {[%clk
1:05:12]} 15. Nd6+ {[%clk 1:24:46]} Ke7 {[%clk 1:05:34]} 16. Nxb7 {[%clk
1:22:21]} Nc6 {[%clk 1:04:25]} 17. Nc5 {[%clk 1:21:05]} Qd6 {[%clk 1:02:59]} 18.
Qxd6+ {[%clk 1:18:54]} Kxd6 {[%clk 1:03:22]} 19. Ne4+ {[%clk 1:19:04]} Kc7 {[%clk
1:03:30]} 20. Rfc1 {[%clk 1:19:23]} Rb8 {[%clk 0:53:25]} 21. Rxc4 {[%clk
1:19:39]} Rxb2 {[%clk 0:53:31]} 22. Rac1 {[%clk 1:19:23]} Bd7 {[%clk 0:52:50]}
23. Ng5 {[%clk 1:18:56]} Rb6 {[%clk 0:51:37]} 24. Nxf7 {[%clk 1:16:38]} Re8
{[%clk 0:46:41]} 25. Rc5 {[%clk 1:13:59]} Re6 {[%clk 0:40:39]} 26. Ne5 {[%clk
1:14:21]} Be8 {[%clk 0:41:03]} 27. Nxc6 {[%clk 1:14:45]} Bxc6 {[%clk 0:39:59]}
28. Bxc6 {[%clk 1:15:09]} Rbxc6 {[%clk 0:40:08]} 29. Rxc6+ {[%clk 1:15:34]} Rxc6
{[%clk 0:40:33]} 30. Rxc6+ {[%clk 1:16:01]} Kxc6 {[%clk 0:40:51]} 31. e4 {[%clk
1:16:27]} Kc5 {[%clk 0:41:06]} 32. f4 {[%clk 1:16:51]} Kd4 {[%clk 0:41:32]} 33.
e5 {[%clk 1:17:16]} Kd5 {[%clk 0:41:48]} 34. Kf2 {[%clk 1:17:41]} a6 {[%clk
0:41:55]} 35. Ke3 {[%clk 1:18:06]} a5 {[%clk 0:42:15]} 1-0

[Event "39th Greek Women's Championship"]
[Site "chess24.com"]
[Date "2017.03.16"]
[Round "6"]
[White "Stoumbou, Eleni"]
[Black "Makka, Ioulia"]
[Result "0-1"]
[Board "2"]
[WhiteElo "1843"]
[WhiteCountry "GRE"]
[WhiteFideId "4210174"]
[WhiteEloChange "-3"]
[BlackElo "2116"]
[BlackTitle "WIM"]
[BlackCountry "GRE"]
[BlackFideId "4205316"]
[BlackEloChange "3"]

1. e4 {[%clk 1:30:53]} c6 {[%clk 1:30:45]} 2. d4 {[%clk 1:31:18]} d5 {[%clk
1:30:59]} 3. Nc3 {[%clk 1:31:36]} dxe4 {[%clk 1:30:30]} 4. Nxe4 {[%clk 1:31:59]}
Nd7 {[%clk 1:21:57]} 5. Nf3 {[%clk 1:32:32]} Ngf6 {[%clk 1:21:35]} 6. Ng3 {[%clk
1:32:54]} e6 {[%clk 1:21:25]} 7. Bc4 {[%clk 1:27:45]} Bd6 {[%clk 1:08:08]} 8. Qe2
{[%clk 1:21:11]} O-O {[%clk 1:04:56]} 9. Bg5 {[%clk 1:18:21]} Qc7 {[%clk
1:01:51]} 10. O-O-O {[%clk 1:18:07]} a6 {[%clk 0:51:58]} 11. Bxf6 {[%clk
1:10:52]} Nxf6 {[%clk 0:52:19]} 12. Ne5 {[%clk 1:11:08]} c5 {[%clk 0:48:13]} 13.
f4 {[%clk 1:07:33]} cxd4 {[%clk 0:27:27]} 14. Rxd4 {[%clk 0:32:03]} b5 {[%clk
0:27:25]} 15. Bb3 {[%clk 0:32:27]} Nd7 {[%clk 0:24:17]} 16. Re1 {[%clk 0:23:29]}
Nc5 {[%clk 0:19:48]} 17. Nh5 {[%clk 0:14:47]} Nxb3+ {[%clk 0:17:23]} 18. axb3
{[%clk 0:15:07]} f6 {[%clk 0:16:10]} 19. Red1 {[%clk 0:10:24]} Bxe5 {[%clk
0:11:40]} 20. fxe5 {[%clk 0:10:44]} fxe5 {[%clk 0:10:20]} 21. Rd6 {[%clk
0:07:01]} g6 {[%clk 0:05:57]} 22. Ng3 {[%clk 0:05:07]} Qc5 {[%clk 0:05:14]} 23.
Ne4 {[%clk 0:04:45]} Qb4 {[%clk 0:05:22]} 24. Kb1 {[%clk 0:02:16]} Bb7 {[%clk
0:03:09]} 25. Ng5 {[%clk 0:02:37]} Bd5 {[%clk 0:02:56]} 26. Rd7 {[%clk 0:02:01]}
Rf5 {[%clk 0:01:51]} 27. Nxh7 {[%clk 0:01:48]} Qf4 {[%clk 0:00:46]} 28. h3 {[%clk
0:00:58]} Rc8 {[%clk 0:00:43]} 29. g4 {[%clk 0:01:06]} Qf2 {[%clk 0:00:37]} 30.
Rd2 {[%clk 0:00:50]} Qxe2 {[%clk 0:00:40]} 31. Rxe2 {[%clk 0:01:16]} Rf1+ {[%clk
0:00:51]} 32. Ka2 {[%clk 0:01:35]} a5 {[%clk 0:00:38]} 33. Ra7 {[%clk 0:01:20]}
a4 {[%clk 0:00:49]} 34. Ng5 {[%clk 0:01:30]} axb3+ {[%clk 0:00:57]} 35. cxb3
{[%clk 0:01:44]} Rcc1 {[%clk 0:01:07]} 0-1

[Event "39th Greek Women's Championship"]
[Site "chess24.com"]
[Date "2017.03.16"]
[Round "6"]
[White "Tsolakidou, Stavroula"]
[Black "Markantonaki, Haritomeni"]
[Result "1-0"]
[Board "4"]
[WhiteElo "2390"]
[WhiteTitle "WGM"]
[WhiteCountry "GRE"]
[WhiteFideId "4264312"]
[WhiteEloChange "4"]
[BlackElo "2174"]
[BlackTitle "WFM"]
[BlackCountry "GRE"]
[BlackFideId "4207050"]
[BlackEloChange "-4"]

1. d4 {[%clk 1:30:57]} Nf6 {[%clk 1:30:51]} 2. c4 {[%clk 1:31:20]} e6 {[%clk
1:31:13]} 3. g3 {[%clk 1:31:44]} d5 {[%clk 1:31:28]} 4. Bg2 {[%clk 1:32:02]} dxc4
{[%clk 1:31:41]} 5. Nf3 {[%clk 1:32:21]} a6 {[%clk 1:31:53]} 6. O-O {[%clk
1:32:35]} b5 {[%clk 1:32:03]} 7. Ne5 {[%clk 1:32:47]} Nd5 {[%clk 1:32:05]} 8. a4
{[%clk 1:32:56]} Bb7 {[%clk 1:32:13]} 9. e4 {[%clk 1:32:53]} Nf6 {[%clk 1:32:29]}
10. axb5 {[%clk 1:32:54]} axb5 {[%clk 1:32:53]} 11. Rxa8 {[%clk 1:33:16]} Bxa8
{[%clk 1:33:20]} 12. Nc3 {[%clk 1:33:22]} c6 {[%clk 1:33:26]} 13. d5 {[%clk
1:28:23]} Be7 {[%clk 1:33:36]} 14. dxe6 {[%clk 1:26:55]} fxe6 {[%clk 1:34:02]}
15. Qe2 {[%clk 1:24:58]} O-O {[%clk 1:34:19]} 16. Bh3 {[%clk 1:13:09]} Qe8 {[%clk
1:34:28]} 17. Bxe6+ {[%clk 0:41:26]} Kh8 {[%clk 1:34:53]} 18. Bf4 {[%clk
0:40:55]} Nbd7 {[%clk 1:06:44]} 19. Nf7+ {[%clk 0:11:53]} Rxf7 {[%clk 1:05:40]}
20. Bxf7 {[%clk 0:12:18]} Qxf7 {[%clk 1:06:06]} 21. e5 {[%clk 0:12:21]} Nd5
{[%clk 0:51:21]} 22. e6 {[%clk 0:12:39]} Nxf4 {[%clk 0:51:12]} 23. exf7 {[%clk
0:10:57]} Nxe2+ {[%clk 0:51:37]} 24. Nxe2 {[%clk 0:11:22]} Nc5 {[%clk 0:14:18]}
25. Nd4 {[%clk 0:08:12]} Nd3 {[%clk 0:11:05]} 26. Ne6 {[%clk 0:06:59]} c5 {[%clk
0:06:24]} 27. Ra1 {[%clk 0:04:37]} Bc6 {[%clk 0:06:05]} 28. Ra7 {[%clk 0:04:22]}
Bd6 {[%clk 0:06:20]} 29. Rc7 {[%clk 0:04:38]} 1-0

[Event "39th Greek Women's Championship"]
[Site "chess24.com"]
[Date "2017.03.16"]
[Round "6"]
[White "Serefidou, Despina"]
[Black "Makka, Evanthia"]
[Result "1-0"]
[Board "5"]
[WhiteElo "1933"]
[WhiteCountry "GRE"]
[WhiteFideId "4218787"]
[WhiteEloChange "14"]
[BlackElo "2073"]
[BlackCountry "GRE"]
[BlackFideId "4207513"]
[BlackEloChange "-14"]

1. e4 {[%clk 1:30:57]} g6 {[%clk 1:30:04]} 2. d4 {[%clk 1:31:14]} Bg7 {[%clk
1:30:26]} 3. Nc3 {[%clk 1:31:32]} c6 {[%clk 1:30:23]} 4. Nf3 {[%clk 1:31:23]} d6
{[%clk 1:28:54]} 5. h3 {[%clk 1:25:24]} Nd7 {[%clk 1:21:50]} 6. Be3 {[%clk
1:23:40]} e5 {[%clk 1:16:02]} 7. a4 {[%clk 1:19:39]} a5 {[%clk 1:03:13]} 8. Bc4
{[%clk 1:17:50]} Ngf6 {[%clk 0:59:33]} 9. O-O {[%clk 1:10:16]} O-O {[%clk
0:58:18]} 10. dxe5 {[%clk 1:02:25]} Nxe5 {[%clk 0:47:54]} 11. Nxe5 {[%clk
1:01:07]} dxe5 {[%clk 0:48:16]} 12. Qxd8 {[%clk 0:58:24]} Rxd8 {[%clk 0:48:19]}
13. Rfd1 {[%clk 0:51:19]} Re8 {[%clk 0:44:17]} 14. Rd6 {[%clk 0:49:28]} Nd7
{[%clk 0:40:16]} 15. Rad1 {[%clk 0:46:39]} Nf8 {[%clk 0:39:50]} 16. Rd8 {[%clk
0:41:07]} Be6 {[%clk 0:38:43]} 17. Rxe8 {[%clk 0:37:16]} Rxe8 {[%clk 0:39:06]}
18. Bxe6 {[%clk 0:37:39]} Nxe6 {[%clk 0:36:18]} 19. Rd7 {[%clk 0:35:19]} Nd4
{[%clk 0:29:04]} 20. Rxb7 {[%clk 0:35:00]} Nxc2 {[%clk 0:28:51]} 21. Bb6 {[%clk
0:32:55]} Ra8 {[%clk 0:26:03]} 22. Ra7 {[%clk 0:17:10]} Rxa7 {[%clk 0:16:04]} 23.
Bxa7 {[%clk 0:17:36]} Na1 {[%clk 0:13:33]} 24. Kf1 {[%clk 0:16:34]} f5 {[%clk
0:09:54]} 25. Ke2 {[%clk 0:15:44]} Nb3 {[%clk 0:08:27]} 26. Bb8 {[%clk 0:06:26]}
Kf7 {[%clk 0:06:46]} 27. Kd3 {[%clk 0:06:17]} Nc5+ {[%clk 0:01:28]} 28. Kc4
{[%clk 0:06:40]} Na6 {[%clk 0:01:42]} 29. Ba7 {[%clk 0:06:02]} Bf8 {[%clk
0:02:04]} 30. Bb6 {[%clk 0:05:18]} Bb4 {[%clk 0:01:50]} 31. f3 {[%clk 0:04:04]}
Ke6 {[%clk 0:02:07]} 32. Na2 {[%clk 0:04:01]} Kd6 {[%clk 0:01:06]} 33. Nxb4
{[%clk 0:02:15]} axb4 {[%clk 0:01:08]} 34. Bf2 {[%clk 0:01:40]} fxe4 {[%clk
0:00:45]} 35. fxe4 {[%clk 0:02:06]} Ke6 {[%clk 0:01:08]} 36. Bc5 {[%clk 0:01:33]}
b3 {[%clk 0:00:52]} 37. Be3 {[%clk 0:01:09]} Kd6 {[%clk 0:00:58]} 38. Kxb3 {[%clk
0:01:24]} c5 {[%clk 0:00:36]} 39. Kc4 {[%clk 0:01:39]} Kc6 {[%clk 0:01:03]} 40.
Bh6 {[%clk 0:30:58]} Nb4 {[%clk 0:30:46]} 41. Bf8 {[%clk 0:30:25]} Na6 {[%clk
0:31:01]} 42. b3 {[%clk 0:30:28]} Kb6 {[%clk 0:29:51]} 43. Bd6 {[%clk 0:30:33]}
1-0

[Event "39th Greek Women's Championship"]
[Site "chess24.com"]
[Date "2017.03.17"]
[Round "7"]
[White "Makka, Evanthia"]
[Black "Grapsa, Georgia"]
[Result "1-0"]
[Board "1"]
[WhiteElo "2073"]
[WhiteCountry "GRE"]
[WhiteFideId "4207513"]
[WhiteEloChange "9"]
[BlackElo "2049"]
[BlackTitle "WFM"]
[BlackCountry "GRE"]
[BlackFideId "4206436"]
[BlackEloChange "-9"]

1. e4 {[%clk 1:30:51]} c5 {[%clk 1:30:01]} 2. Nc3 {[%clk 1:30:20]} d6 {[%clk
1:30:07]} 3. d4 {[%clk 1:30:07]} cxd4 {[%clk 1:30:18]} 4. Qxd4 {[%clk 1:30:27]}
a6 {[%clk 1:30:37]} 5. b3 {[%clk 1:30:32]} Nc6 {[%clk 1:30:57]} 6. Qd2 {[%clk
1:30:54]} Nf6 {[%clk 1:25:50]} 7. Bb2 {[%clk 1:31:14]} e6 {[%clk 1:25:16]} 8.
O-O-O {[%clk 1:24:13]} Be7 {[%clk 1:22:07]} 9. Kb1 {[%clk 1:11:14]} Qa5 {[%clk
1:21:55]} 10. f4 {[%clk 0:58:40]} O-O {[%clk 1:21:29]} 11. Nf3 {[%clk 0:58:33]}
Qc5 {[%clk 1:14:41]} 12. g4 {[%clk 0:45:24]} b5 {[%clk 1:07:03]} 13. Bd3 {[%clk
0:38:24]} Rd8 {[%clk 1:00:10]} 14. Qg2 {[%clk 0:30:44]} Bb7 {[%clk 0:58:09]} 15.
g5 {[%clk 0:29:06]} Ne8 {[%clk 0:55:32]} 16. f5 {[%clk 0:28:19]} Nb4 {[%clk
0:51:26]} 17. f6 {[%clk 0:25:34]} Bf8 {[%clk 0:51:46]} 18. h4 {[%clk 0:24:03]}
Bc6 {[%clk 0:46:26]} 19. h5 {[%clk 0:20:55]} Nxd3 {[%clk 0:45:43]} 20. cxd3
{[%clk 0:21:14]} b4 {[%clk 0:43:08]} 21. Ne2 {[%clk 0:21:09]} e5 {[%clk 0:39:36]}
22. Ng3 {[%clk 0:17:38]} Bd7 {[%clk 0:38:48]} 23. Nf5 {[%clk 0:16:25]} Bxf5
{[%clk 0:39:00]} 24. exf5 {[%clk 0:16:15]} gxf6 {[%clk 0:37:31]} 25. gxf6+ {[%clk
0:13:12]} Kh8 {[%clk 0:36:22]} 26. Ng5 {[%clk 0:13:24]} Ra7 {[%clk 0:35:47]} 27.
Ne4 {[%clk 0:13:18]} 1-0

[Event "39th Greek Women's Championship"]
[Site "chess24.com"]
[Date "2017.03.17"]
[Round "7"]
[White "Markantonaki, Haritomeni"]
[Black "Serefidou, Despina"]
[Result "1-0"]
[Board "2"]
[WhiteElo "2174"]
[WhiteTitle "WFM"]
[WhiteCountry "GRE"]
[WhiteFideId "4207050"]
[WhiteEloChange "4"]
[BlackElo "1933"]
[BlackCountry "GRE"]
[BlackFideId "4218787"]
[BlackEloChange "-4"]

1. e4 {[%clk 1:30:57]} e5 {[%clk 1:30:56]} 2. Nf3 {[%clk 1:31:21]} Nc6 {[%clk
1:31:21]} 3. Bb5 {[%clk 1:31:41]} a6 {[%clk 1:31:46]} 4. Ba4 {[%clk 1:32:06]} Nf6
{[%clk 1:31:52]} 5. O-O {[%clk 1:32:20]} Be7 {[%clk 1:31:46]} 6. Re1 {[%clk
1:32:07]} b5 {[%clk 1:32:03]} 7. Bb3 {[%clk 1:32:31]} d6 {[%clk 1:32:26]} 8. c3
{[%clk 1:32:52]} O-O {[%clk 1:32:48]} 9. h3 {[%clk 1:33:11]} Na5 {[%clk 1:33:08]}
10. Bc2 {[%clk 1:33:26]} c5 {[%clk 1:33:30]} 11. d4 {[%clk 1:33:36]} Nd7 {[%clk
1:33:50]} 12. b3 {[%clk 1:32:44]} cxd4 {[%clk 1:06:32]} 13. cxd4 {[%clk 1:33:07]}
Nc6 {[%clk 1:06:11]} 14. Nc3 {[%clk 1:29:37]} Nb6 {[%clk 0:59:47]} 15. Be3 {[%clk
1:21:30]} Bf6 {[%clk 0:47:22]} 16. Rc1 {[%clk 1:15:09]} Bb7 {[%clk 0:46:39]} 17.
d5 {[%clk 1:08:10]} Nb8 {[%clk 0:41:21]} 18. Ne2 {[%clk 1:07:57]} N8d7 {[%clk
0:40:27]} 19. Ng3 {[%clk 1:07:22]} g6 {[%clk 0:40:22]} 20. Nh2 {[%clk 1:02:32]}
Bg5 {[%clk 0:31:25]} 21. Qd2 {[%clk 1:00:02]} Bxe3 {[%clk 0:31:42]} 22. Qxe3
{[%clk 1:00:30]} Qh4 {[%clk 0:30:38]} 23. Nf3 {[%clk 0:54:27]} Qf6 {[%clk
0:26:07]} 24. Nh2 {[%clk 0:39:01]} Kg7 {[%clk 0:19:38]} 25. Rf1 {[%clk 0:30:31]}
Rac8 {[%clk 0:17:51]} 26. Ng4 {[%clk 0:26:42]} Qh4 {[%clk 0:15:02]} 27. f4 {[%clk
0:25:15]} h5 {[%clk 0:12:46]} 28. Nh2 {[%clk 0:24:22]} exf4 {[%clk 0:09:31]} 29.
Rxf4 {[%clk 0:24:24]} Qe7 {[%clk 0:07:11]} 30. Qf2 {[%clk 0:20:06]} Qe5 {[%clk
0:02:11]} 31. Rf1 {[%clk 0:16:46]} f6 {[%clk 0:01:24]} 32. Bd1 {[%clk 0:16:25]}
b4 {[%clk 0:00:50]} 33. Ne2 {[%clk 0:12:51]} g5 {[%clk 0:00:49]} 34. Nf3 {[%clk
0:12:21]} Qe7 {[%clk 0:00:57]} 35. Nfd4 {[%clk 0:08:48]} Kh7 {[%clk 0:00:39]} 36.
Rf5 {[%clk 0:08:12]} Qxe4 {[%clk 0:00:56]} 37. Ng3 {[%clk 0:08:04]} Qe8 {[%clk
0:01:14]} 38. Bxh5 {[%clk 0:08:03]} Qe7 {[%clk 0:00:51]} 39. Ne6 {[%clk 0:07:30]}
Rg8 {[%clk 0:00:38]} 40. Re1 {[%clk 0:37:23]} Kh8 {[%clk 0:30:36]} 41. Nxg5
{[%clk 0:32:09]} Ne5 {[%clk 0:09:45]} 42. Nf7+ {[%clk 0:30:00]} Kh7 {[%clk
0:10:06]} 43. Rxf6 {[%clk 0:25:08]} 1-0

[Event "39th Greek Women's Championship"]
[Site "chess24.com"]
[Date "2017.03.17"]
[Round "7"]
[White "Pavlidou, Ekaterini"]
[Black "Tsolakidou, Stavroula"]
[Result "1/2-1/2"]
[Board "3"]
[WhiteElo "2166"]
[WhiteTitle "WIM"]
[WhiteCountry "GRE"]
[WhiteFideId "4213262"]
[WhiteEloChange "6"]
[BlackElo "2390"]
[BlackTitle "WGM"]
[BlackCountry "GRE"]
[BlackFideId "4264312"]
[BlackEloChange "-6"]

1. c4 {[%clk 1:30:41]} e5 {[%clk 1:30:53]} 2. Nc3 {[%clk 1:30:02]} Bb4 {[%clk
1:31:13]} 3. g3 {[%clk 1:23:53]} Bxc3 {[%clk 1:31:27]} 4. dxc3 {[%clk 1:23:55]}
Ne7 {[%clk 1:30:23]} 5. Bg2 {[%clk 1:23:54]} d6 {[%clk 1:29:38]} 6. e4 {[%clk
1:20:39]} Nbc6 {[%clk 1:25:05]} 7. Nf3 {[%clk 1:19:11]} O-O {[%clk 1:23:32]} 8.
O-O {[%clk 1:17:47]} Be6 {[%clk 1:13:35]} 9. Qe2 {[%clk 1:16:59]} f6 {[%clk
1:07:29]} 10. Rd1 {[%clk 1:14:17]} Qc8 {[%clk 0:56:10]} 11. Nd2 {[%clk 1:12:29]}
Bg4 {[%clk 0:45:08]} 12. f3 {[%clk 1:12:51]} Bh3 {[%clk 0:43:29]} 13. Bxh3 {[%clk
1:11:50]} Qxh3 {[%clk 0:43:53]} 14. Nf1 {[%clk 1:05:46]} f5 {[%clk 0:43:10]} 15.
Qg2 {[%clk 1:05:58]} Qh5 {[%clk 0:40:36]} 16. Ne3 {[%clk 1:05:25]} fxe4 {[%clk
0:30:23]} 17. fxe4 {[%clk 1:04:22]} Nd8 {[%clk 0:30:06]} 18. Bd2 {[%clk 1:02:13]}
Ne6 {[%clk 0:27:42]} 19. Nd5 {[%clk 0:58:11]} Rae8 {[%clk 0:22:22]} 20. Rf1
{[%clk 0:55:07]} Nc8 {[%clk 0:21:00]} 21. h4 {[%clk 0:50:09]} Rxf1+ {[%clk
0:19:33]} 22. Rxf1 {[%clk 0:50:30]} Rf8 {[%clk 0:19:32]} 23. Rxf8+ {[%clk
0:46:06]} Kxf8 {[%clk 0:19:58]} 24. Kf2 {[%clk 0:44:04]} c6 {[%clk 0:11:51]} 25.
Ne3 {[%clk 0:44:19]} Nc5 {[%clk 0:11:12]} 26. Qf3+ {[%clk 0:43:08]} Qf7 {[%clk
0:11:38]} 27. Qxf7+ {[%clk 0:42:16]} Kxf7 {[%clk 0:12:05]} 28. Kf3 {[%clk
0:42:39]} g6 {[%clk 0:12:13]} 29. Nd1 {[%clk 0:41:16]} Nb6 {[%clk 0:07:14]} 30.
b3 {[%clk 0:40:41]} Nbd7 {[%clk 0:06:19]} 31. Be3 {[%clk 0:40:03]} a6 {[%clk
0:05:47]} 32. Nf2 {[%clk 0:39:01]} 1/2-1/2

[Event "39th Greek Women's Championship"]
[Site "chess24.com"]
[Date "2017.03.17"]
[Round "7"]
[White "Makka, Ioulia"]
[Black "Kouvatsou, Maria"]
[Result "1-0"]
[Board "4"]
[WhiteElo "2116"]
[WhiteTitle "WIM"]
[WhiteCountry "GRE"]
[WhiteFideId "4205316"]
[WhiteEloChange "9"]
[BlackElo "2071"]
[BlackTitle "WGM"]
[BlackCountry "GRE"]
[BlackFideId "4203593"]
[BlackEloChange "-9"]

1. e4 {[%clk 1:30:57]} e5 {[%clk 1:30:55]} 2. Nf3 {[%clk 1:31:15]} Nc6 {[%clk
1:30:58]} 3. Bb5 {[%clk 1:31:40]} a6 {[%clk 1:31:21]} 4. Ba4 {[%clk 1:32:06]} Nf6
{[%clk 1:30:44]} 5. d3 {[%clk 1:32:19]} b5 {[%clk 1:30:39]} 6. Bb3 {[%clk
1:32:42]} Be7 {[%clk 1:31:03]} 7. O-O {[%clk 1:32:33]} d6 {[%clk 1:31:02]} 8. a3
{[%clk 1:31:34]} O-O {[%clk 1:29:32]} 9. Re1 {[%clk 1:28:50]} Bg4 {[%clk
1:28:20]} 10. c3 {[%clk 1:27:22]} Na5 {[%clk 1:07:10]} 11. Ba2 {[%clk 1:25:48]}
c5 {[%clk 1:07:23]} 12. h3 {[%clk 1:25:15]} Bh5 {[%clk 1:06:04]} 13. Nbd2 {[%clk
1:24:16]} Qd7 {[%clk 0:58:52]} 14. Nf1 {[%clk 1:23:04]} Rfe8 {[%clk 0:53:34]} 15.
Ne3 {[%clk 1:14:36]} Bd8 {[%clk 0:47:18]} 16. b4 {[%clk 1:08:32]} Nc6 {[%clk
0:45:33]} 17. Nd5 {[%clk 1:05:50]} cxb4 {[%clk 0:36:25]} 18. axb4 {[%clk
1:02:01]} Nxd5 {[%clk 0:29:07]} 19. Bxd5 {[%clk 1:01:37]} Bb6 {[%clk 0:26:15]}
20. Be3 {[%clk 1:00:38]} Bxe3 {[%clk 0:26:24]} 21. Rxe3 {[%clk 0:59:37]} Ra7
{[%clk 0:26:17]} 22. g4 {[%clk 0:56:09]} Bg6 {[%clk 0:26:42]} 23. Nh4 {[%clk
0:54:51]} Ne7 {[%clk 0:26:28]} 24. Bb3 {[%clk 0:53:03]} Qc6 {[%clk 0:15:51]} 25.
c4 {[%clk 0:50:59]} bxc4 {[%clk 0:15:22]} 26. Ba4 {[%clk 0:49:11]} Qc8 {[%clk
0:15:03]} 27. Bxe8 {[%clk 0:49:23]} Qxe8 {[%clk 0:15:25]} 28. dxc4 {[%clk
0:49:08]} Qb8 {[%clk 0:13:50]} 29. b5 {[%clk 0:42:48]} a5 {[%clk 0:13:24]} 30. c5
{[%clk 0:39:15]} Qxb5 {[%clk 0:09:25]} 31. Rb3 {[%clk 0:36:06]} Qe8 {[%clk
0:09:24]} 32. cxd6 {[%clk 0:34:04]} Nc6 {[%clk 0:08:59]} 33. Qd5 {[%clk 0:32:30]}
Kh8 {[%clk 0:03:36]} 34. Qxc6 {[%clk 0:31:55]} 1-0